Słownik pedagogiczny /
Saved in:
| Hovedforfatter: | |
|---|---|
| Institution som forfatter: | |
| Format: | Bog |
| Sprog: | polsk |
| Udgivet: |
Warszawa :
Państ. Wydaw. Naukowe,
1975
|
| Udgivelse: | Wydanie trzecie. |
| Fag: | |
| Tags: |
Ingen Tags, Vær først til at tagge denne postø!
|
MARC
| LEADER | 00000nam a2200000 i 4500 | ||
|---|---|---|---|
| 001 | 9910175739205606 | ||
| 005 | 20260515140228.0 | ||
| 008 | 990506s1984 pl |000 0 pol | ||
| 020 | |a 8301057939 | ||
| 035 | |a 991009686299705066 | ||
| 035 | |a (PL-WaBN)b1261807x-48omnis_nlop | ||
| 035 | |a b1261807x | ||
| 035 | |a (OCoLC)830242236 | ||
| 035 | |a zz2004804039 | ||
| 035 | |a (PL)b0000001261807 | ||
| 040 | |a WA N |c WA N |d TOR U |d WA N | ||
| 041 | 0 | |a pol | |
| 080 | |a 37(03) | ||
| 090 | |c 137 |d 136 | ||
| 100 | 1 | |a Okoń, Wincenty |d (1914-2011) | |
| 245 | 1 | 0 | |a Słownik pedagogiczny / |c Wincenty Okoń. |
| 250 | |a Wydanie trzecie. | ||
| 260 | |a Warszawa : |b Państ. Wydaw. Naukowe, |c 1975 |e (Gdań : |f ZG). | ||
| 300 | |a 368 s. ; |c 20 cm. | ||
| 650 | 7 | |a Pedagogika | |
| 650 | 2 | |a Nauczanie | |
| 710 | 2 | |a Państwowe Wydawnictwo Naukowe | |
| 920 | |a 83-01-05793-9 | ||
| 942 | |c K | ||
| 952 | |0 0 |1 0 |4 0 |6 R__101_000000000000000 |7 0 |9 128 |a RYT |b RYT |d 2026-05-13 |e 1/2014 |g 10.00 |l 0 |o R.101 |p 2000000001012 |r 2026-05-15 14:02:28 |w 2026-05-15 |y BK |z da | ||
| 999 | |c 128 |d 128 | ||